000 00231nam a22001217a 4500
040 _cSK
082 _a300
100 _aPAUL NICHOLS
245 _aSocial survey methods
260 _aRUA
_bPAU
_c1991
300 _a129p.
942 _cEK
999 _c9947
_d9947